Catalog

Record Details

Catalog Search



Zaostřeno na Islám /  Hammudah Abdalati, přeložil Karel Klusák  Cover Image Book Book

Zaostřeno na Islám /  Hammudah Abdalati, přeložil Karel Klusák 

Abdalati, Hammudah (Author). Klusák, Karel (Added Author).

Record details

  • Physical Description: 191 s.
  • Publisher: Třebíč :    Ústředí muslimských náboženských obcí v Československu  

Available copies

  • 1 of 1 copy available at Common Catalog SPOK.

Holds

  • 0 current holds with 1 total copy.
Show Only Available Copies
Location Call Number / Copy Notes Barcode Shelving Location Status Due Date
ETS Library 297 424470020449 Volný výběr Available -

LDR nam a22 i 4500
00156230
003CZ-PrJAB
00520231121201140.0
007ta
008231121s xr e 000 0 cze
040 . ‡aABG450 ‡bcze ‡erda
072 7. ‡2Konspekt
08214. ‡a297
1001 . ‡aAbdalati, Hammudah ‡4aut
24510. ‡aZaostřeno na Islám /  ‡nHammudah Abdalati, přeložil Karel Klusák 
264 1. ‡aTřebíč :    ‡bÚstředí muslimských náboženských obcí v Československu  
300 . ‡a191 s.
336 . ‡atext ‡btxt ‡2rdacontent
338 . ‡asvazek ‡bnc ‡2rdacarrier
7001 . ‡aKlusák, Karel
910 . ‡aABG450
901 . ‡a56230 ‡bAUTOGEN ‡c56230 ‡tbiblio

Additional Resources